| Tag |
First Indicator |
Second Indicator |
Subfields |
| LEADER |
00000pam a2200000 a 4500 |
| 001 |
in00000091202 |
| 005 |
20150923131507.0 |
| 008 |
820127c1982 ja a b 00100 eng |
| 010 |
|
|
|a 81080995
|
| 020 |
|
|
|a 0870114816 :
|c $47.00
|
| 035 |
|
|
|a (OCoLC)08176704
|
| 035 |
|
|
|9 AAK6792AM
|
| 039 |
0 |
|
|a 2
|b 3
|c 3
|d 3
|e 3
|
| 040 |
|
|
|a DLC
|c DLC
|d TXA
|d UtOrBLW
|
| 041 |
1 |
|
|a eng
|a jpn
|
| 043 |
|
|
|a a-ja---
|
| 049 |
|
|
|a TXAM
|c [1482121]
|
| 050 |
0 |
0 |
|a N7350
|b H47 1982
|
| 082 |
0 |
|
|a 709/.52
|2 19
|
| 245 |
0 |
4 |
|a The Heritage of Japanese art /
|c Masao Ishizawa [and others].
|
| 250 |
|
|
|a 1st ed.
|
| 264 |
|
1 |
|a Tokyo ;
|a New York :
|b Kodansha International ;
|c 1982.
|
| 264 |
|
2 |
|a New York :
|b Distributed in the U.S. by Kodansha International/USA through Harper & Row,
|
| 264 |
|
4 |
|c ©1981
|
| 300 |
|
|
|a 208 pages :
|b color illustrations ;
|c 34 cm.
|
| 336 |
|
|
|a text
|b txt
|2 rdacontent
|
| 337 |
|
|
|a unmediated
|b n
|2 rdamedia
|
| 338 |
|
|
|a volume
|b nc
|2 rdacarrier
|
| 500 |
|
|
|a Text and captions adapted from: Art treasures of Japan / edited by Yukio Yashiro. Tokyo : Kokusai Bunka Shinkokai, 1960.
|
| 500 |
|
|
|a Includes index.
|
| 504 |
|
|
|a Bibliography: pages 205-206.
|
| 650 |
|
0 |
|a Art, Japanese.
|
| 700 |
1 |
|
|a Ishizawa, Masao,
|d 1903-
|
| 730 |
0 |
|
|a Art treasures of Japan.
|
| 999 |
|
|
|a MARS
|
| 999 |
f |
f |
|s da0d11d2-c1a2-3fc1-9d27-54ed9564f00a
|i eac10c1d-3754-3d12-b561-8d618ea02c19
|t 0
|
| 952 |
f |
f |
|p normal
|a Texas A&M University
|b College Station
|c Sterling C. Evans Library
|d Evans: Library Stacks
|t 0
|e N7350 H47 1982
|h Library of Congress classification
|i unmediated -- volume
|m A14806018121
|
| 998 |
f |
f |
|a N7350 H47 1982
|t 0
|l Evans: Library Stacks
|